International affairs budget : framework for assessing relevance, priority, and efficiency : statement of Benjamin F. Nelson, Director, International Relations and Trade Issues, National Security and International Affairs Division, before the Committee on the Budget, U.S. Senate /

Bibliographic Details
Main Author: Nelson, Benjamin F.
Corporate Author: United States. General Accounting Office
Format: Government Document Microform Book
Language:English
Published: Washington, D.C. (P.O. Box 37050, Washington, D.C. 20013) : The Office, [1997]
Series:Testimony ; GAO/T-NSIAD-98-18.
Subjects:
Online Access:Adobe Acrobat Reader required

MARC

Tag First Indicator Second Indicator Subfields
LEADER 00000cam a2200000 a 4500
001 in00000001536
007 he bmb024bbca
008 981113s1997 dcua bb f000 0 eng c
005 20230309222504.5
035 |a (OCoLC)ocm40306133 
035 |9 AJB5552AM 
035 |a in00000001536 
037 |a 159495  |b GAO (202) 512-6000 (Voice); (202) 512-6061 (Fax)  |f paper copy 
040 |a GPO  |c GPO  |d DLC  |d MvI  |d UtOrBLW 
042 |a pcc 
043 |a n-us--- 
049 |a UMIC 
049 |a WWW 
074 |a 0546-D-01 (MF) 
074 |a 0546-D-01 (online) 
086 0 |a GA 1.5/2:T-NSIAD-98-18 
100 1 |a Nelson, Benjamin F. 
245 1 0 |a International affairs budget :  |b framework for assessing relevance, priority, and efficiency : statement of Benjamin F. Nelson, Director, International Relations and Trade Issues, National Security and International Affairs Division, before the Committee on the Budget, U.S. Senate /  |c United States General Accounting Office. 
246 3 0 |a Framework for assessing relevance, priority, and efficiency 
264 1 |a Washington, D.C. (P.O. Box 37050, Washington, D.C. 20013) :  |b The Office,  |c [1997] 
300 |a 56 pages, 2 unnumbered pages :  |b illustrations ;  |c 28 cm. 
336 |a text  |b txt  |2 rdacontent 
337 |a microform  |b h  |2 rdamedia 
338 |a microfiche  |b he  |2 rdacarrier 
490 1 |a Testimony ;  |v GAO/T-NSIAD-98-18 
500 |a Shipping list number: 98-1041-M. 
500 |a "For release ... October 30, 1997." 
500 |a "October 30, 1997." 
504 |a Includes bibliographical references (pages 48-56). 
533 |a Microfiche.  |b [Washington, D.C.] :  |c U.S. General Accounting Office,  |d [1998?]  |e 1 microfiche : negative. 
530 |a Also available via Internet from the GPO Access web site. Address as of 07/10/01: http://frwebgate.access.gpo.gov/cgi-bin/getdoc.cgi?dbname=gao&docid=f:ns98018t.pdf; current access is available via PURL. 
500 |a Microform. 
651 0 |a United States  |x Foreign relations  |x Evaluation. 
650 0 |a Diplomatic and consular service, American  |x Evaluation. 
650 0 |a Economic assistance, American  |x Evaluation. 
650 0 |a Military assistance, American  |x Evaluation. 
650 0 |a Technical assistance, American  |x Evaluation. 
650 0 |a Budget process  |z United States. 
710 1 |a United States.  |b General Accounting Office. 
830 0 |a Testimony ;  |v GAO/T-NSIAD-98-18. 
856 4 1 |u https://purl.fdlp.gov/GPO/LPS13034  |z Adobe Acrobat Reader required  |t 0 
999 |a MARS 
999 f f |i 2838c3cc-1a17-3e5b-a61e-c641922b2016  |s beae96a7-074b-3c93-8638-fab7d6b119e8  |t 0 
952 f f |p normal  |a Texas A&M University  |b College Station  |c Sterling C. Evans Library  |d Evans: US Documents Microfiche (3rd floor)  |t 0  |e GA 1.5/2:T-NSIAD-98-18  |h Superintendent of Documents classification  |i microform -- microfiche  |m A14824374355 
952 f f |a Texas A&M University  |b College Station  |c Electronic Resources  |d Available Online  |t 0  |e GA 1.5/2:T-NSIAD-98-18  |h Superintendent of Documents classification 
998 f f |a GA 1.5/2:T-NSIAD-98-18  |t 0  |l Available Online 
998 f f |a GA 1.5/2:T-NSIAD-98-18  |t 0  |l Evans: US Documents Microfiche (3rd floor)